000 01785nam a2200469 c 4500
003 BLK
005 20250729152814.0
008 180408b bul|||||r ||||||| ||bul||
010 _aKNG00085985000
020 _a978-954-330-146-1
_bиздат.: Унискорп
040 _aBLK
041 _aBUL
_cBUL
080 _aРелигии на Китай
_b299.51
_x
_z299.51
080 _aИстория на Древен Китай
_b931.5
_x
_z931.5
100 1 _aУилкинсън, Филип
_eпърви автор
_9367671
700 1 _aИлиев, Илия
_eпрев. от англ.
_gКожухаров, Илия Илиев
_9363839
139 _aУилкинсън, Филип
_bУ 38
245 1 0 _aКитайски митове
_cФилип Уилкинсън; прев. от англ. Илия Илиев.
257 _aGBR
260 София
_bУнискорп
_c2008
_fотпеч. в Китай
300 _a96 с.
_bс цв. ил.
_c23 см
380 _aDN
490 1 _aСветът на митовете
500 _aОриг. загл. Chinese Myth / Philip Wilkinson. - Офс. изд. - Хронология на Китай ; Речник ; Показалец. - Библиогр. с. 93.
504 _a93
590 _aф
650 4 _aМитология, китайска
_9299426
650 4 _aКитай - история
_9242271
651 4 _aКитай
_9242505
653 _aКитай
653 _aмитология
653 _aистория
653 _aизкуство
653 _aрелигии
653 _aбудизъм
852 _aЦб 241592
856 4 _qpdf
_u
856 4 _qpdf
_u
942 _cKNG
_n0
_03
944 _aCR
_c22.10.2008
_k30551
_lБояна Костадинова
944 _aED
_c30.10.2008
_k
999 _c81481
_d81481